[Event "Collado Villalba 2015 Torneo B"]
[Site "Collado Villalba (ESP)"]
[Date "2015.08.27"]
[Round "6.33"]
[White "Andrade Sandoval, Marian"]
[Black "Bermejo Calvo, Nora"]
[Result "0-1"]
[WhiteElo "1291"]
[BlackElo "1313"]
[PlyCount "50"]
[EventDate "2015.08.22"]
[EventType "swiss"]
[EventRounds "9"]
[EventCountry "ESP"]
[Source "lmi"]
[SourceDate "2015.08.22"]

1. d4 e6 2. Nf3 d5 3. e3 c5 4. c3 Nc6 5. b3 Nf6 6. Nbd2 Bd7 7. Bd3 a6 8. Bb2 b5
9. c4 Nb4 10. Be2 cxd4 11. cxd5 dxe3 12. fxe3 Nbxd5 13. Rc1 Nxe3 14. Qc2 Nxc2+
15. Rxc2 Bb4 16. O-O O-O 17. Rd1 Rc8 18. Rxc8 Qxc8 19. Nf1 Bc6 20. Rd4 Bc5 21.
Ba3 Bxa3 22. Rh4 Bxf3 23. Bxf3 Qc5+ 24. Kh1 Qf2 25. Ng3 Qe1+ 0-1

[Event "Collado Villalba 2015 Torneo B"]
[Site "Collado Villalba (ESP)"]
[Date "2015.08.27"]
[Round "6.34"]
[White "Lianes Garcia, Alicia"]
[Black "Buergo Villanueva, Fernando"]
[Result "0-1"]
[WhiteElo "1277"]
[BlackElo "1308"]
[PlyCount "68"]
[EventDate "2015.08.22"]
[EventType "swiss"]
[EventRounds "9"]
[EventCountry "ESP"]
[Source "lmi"]
[SourceDate "2015.08.22"]

1. e4 c6 2. d4 d5 3. exd5 cxd5 4. Nf3 Nc6 5. c3 Nf6 6. Bd3 g6 7. Bf4 Bg7 8. O-O
O-O 9. Re1 Bg4 10. h3 Bxf3 11. Qxf3 Qb6 12. Re2 Rad8 13. Qg3 Rd7 14. b4 Nd8 15.
a4 a6 16. Nd2 Nh5 17. Qf3 Ne6 18. Be5 f6 19. Bh2 Ng5 20. Qe3 Bh6 21. Ree1 Kg7
22. Nf3 Nxh3+ 23. gxh3 Bxe3 24. Rxe3 Qc6 25. Rae1 Kf7 26. Bc2 Ng7 27. Bg3 Re8
28. Kg2 e6 29. Bb3 Nf5 30. R3e2 Qxc3 31. Bc2 Qxb4 32. Bxf5 gxf5 33. Rxe6 Rxe6
34. Rxe6 Kxe6 0-1

[Event "Collado Villalba 2015 Torneo B"]
[Site "Collado Villalba (ESP)"]
[Date "2015.08.27"]
[Round "6.35"]
[White "Lancharro Perez, Francisco"]
[Black "Lancharro Delgado, Miguel"]
[Result "0-1"]
[WhiteElo "1166"]
[BlackElo "1247"]
[PlyCount "59"]
[EventDate "2015.08.22"]
[EventType "swiss"]
[EventRounds "9"]
[EventCountry "ESP"]
[Source "lmi"]
[SourceDate "2015.08.22"]

1. e4 e5 2. Nf3 Nc6 3. Bb5 a6 4. Ba4 Nf6 5. O-O b5 6. Bb3 Be7 7. c3 d5 8. exd5
Nxd5 9. Re1 f6 10. d4 exd4 11. Nxd4 Nxd4 12. Qxd4 Bb7 13. Nd2 c5 14. Qxc5 Rc8
15. Qd4 O-O 16. Nf3 Re8 17. Bd2 Kh8 18. Rad1 Bc5 19. Qh4 Rxe1+ 20. Rxe1 Ne7 21.
Bc2 h6 22. Bxh6 gxh6 23. Qxh6+ Kg8 24. Qxf6 Bxf3 25. Qxf3 Qd2 26. Qe2 Rd8 27.
Rd1 Qxe2 28. Rxd8+ Kg7 29. h3 Qxf2+ 30. Kh2 0-1

[Event "Collado Villalba 2015 Torneo B"]
[Site "Collado Villalba (ESP)"]
[Date "2015.08.28"]
[Round "7.1"]
[White "Sanz Toledano, Alfonso"]
[Black "Liceras Ruiz, Manuel"]
[Result "0-1"]
[WhiteElo "1796"]
[BlackElo "1782"]
[PlyCount "85"]
[EventDate "2015.08.22"]
[EventType "swiss"]
[EventRounds "9"]
[EventCountry "ESP"]
[Source "lmi"]
[SourceDate "2015.08.22"]

1. e4 Nf6 2. e5 Nd5 3. Nc3 Nxc3 4. dxc3 d6 5. Nf3 Bg4 6. h3 Bf5 7. Nd4 Bd7 8.
Qf3 Nc6 9. exd6 exd6 10. Bb5 Nxd4 11. Bxd7+ Qxd7 12. Qxb7 Qc6 13. Qxc6+ Nxc6
14. O-O Be7 15. Re1 Kd7 16. Be3 Rhe8 17. Rad1 Bf6 18. g4 h6 19. f4 Rab8 20. g5
hxg5 21. fxg5 Be5 22. Bc1 Bg3 23. Rf1 Re7 24. Kg2 Be5 25. Rd3 f6 26. g6 Rh8 27.
c4 Ree8 28. c5 Ne7 29. cxd6 cxd6 30. Bf4 Bxf4 31. Rxf4 Rh6 32. Ra4 Rxg6+ 33.
Kf2 Nc6 34. c4 Rg5 35. b4 Ra8 36. c5 d5 37. b5 Nd8 38. Rda3 Kc8 39. Rxa7 Rxa7
40. Rxa7 Kb8 41. Rd7 Kc8 42. c6 d4 43. a4 0-1

[Event "Collado Villalba 2015 Torneo B"]
[Site "Collado Villalba (ESP)"]
[Date "2015.08.28"]
[Round "7.2"]
[White "Mkrtchyan, Levon"]
[Black "Greciano Reiskila, Miguel C"]
[Result "0-1"]
[WhiteElo "1746"]
[BlackElo "1925"]
[PlyCount "44"]
[EventDate "2015.08.22"]
[EventType "swiss"]
[EventRounds "9"]
[EventCountry "ESP"]
[Source "lmi"]
[SourceDate "2015.08.22"]

1. e4 c5 2. Nf3 d6 3. d4 cxd4 4. Nxd4 Nf6 5. Nc3 g6 6. Be3 Bg7 7. f3 O-O 8. Qd2
Nc6 9. O-O-O Bd7 10. g4 Rc8 11. h4 h5 12. gxh5 Nxh5 13. Be2 Nb4 14. Bh6 Qa5 15.
a3 Rxc3 16. Nb3 Rxc2+ 17. Qxc2 Bxh6+ 18. Kb1 Nxc2 19. Nxa5 Rc8 20. Nc4 Ba4 21.
Rhg1 Nf4 22. Bd3 Nd4 0-1

[Event "Collado Villalba 2015 Torneo B"]
[Site "Collado Villalba (ESP)"]
[Date "2015.08.28"]
[Round "7.3"]
[White "Herrero Corada, Jose Ignacio"]
[Black "Guerrero Gonzalez, Francisco"]
[Result "1-0"]
[WhiteElo "1792"]
[BlackElo "1753"]
[PlyCount "63"]
[EventDate "2015.08.22"]
[EventType "swiss"]
[EventRounds "9"]
[EventCountry "ESP"]
[Source "lmi"]
[SourceDate "2015.08.22"]

1. e4 d5 2. exd5 Qxd5 3. Nc3 Qa5 4. d4 Nf6 5. Nf3 Bg4 6. h3 Bh5 7. g4 Bg6 8.
Ne5 e6 9. Bd2 Nbd7 10. Nc4 Qa6 11. Be2 Qc6 12. f3 Bd6 13. Nxd6+ Qxd6 14. Be3
Qg3+ 15. Bf2 Qg2 16. Rg1 Qxh3 17. Bg3 O-O-O 18. Qd2 Qh6 19. g5 Qh5 20. gxf6
Nxf6 21. O-O-O Nd5 22. Nxd5 Qxd5 23. Qf4 Rd7 24. c4 Qa5 25. a3 Qa4 26. Bd3 Bxd3
27. Rxd3 Qxc4+ 28. Rc3 Qa2 29. Rxc7+ Kd8 30. Rc8+ Ke7 31. Qg5+ f6 32. Qxg7# 1-0

[Event "Collado Villalba 2015 Torneo B"]
[Site "Collado Villalba (ESP)"]
[Date "2015.08.28"]
[Round "7.4"]
[White "Soto Martin, Miguel"]
[Black "Sancho Castiello, Federico"]
[Result "1/2-1/2"]
[WhiteElo "1716"]
[BlackElo "1790"]
[PlyCount "127"]
[EventDate "2015.08.22"]
[EventType "swiss"]
[EventRounds "9"]
[EventCountry "ESP"]
[Source "lmi"]
[SourceDate "2015.08.22"]

1. e4 c5 2. Nf3 e6 3. c3 d5 4. exd5 Qxd5 5. d4 Nc6 6. Bd3 cxd4 7. cxd4 Nf6 8.
Nc3 Qd8 9. O-O h6 10. Bf4 a6 11. a3 Be7 12. Rc1 O-O 13. Bc2 g5 14. Be3 b5 15.
Qd3 Kg7 16. Ne4 Rh8 17. Rcd1 Bb7 18. Nc5 Bxc5 19. dxc5 Qxd3 20. Rxd3 b4 21. Nd4
bxa3 22. Nxc6 Bxc6 23. bxa3 Rhd8 24. Bd4 Rd7 25. Rfd1 Rad8 26. f3 Bb5 27. Bxf6+
Kxf6 28. Rxd7 Rxd7 29. Rxd7 Bxd7 30. Be4 Bb5 31. Kf2 Ke7 32. Kg3 f5 33. Bb7 Kd7
34. Kf2 Kc7 35. c6 a5 36. Ke3 e5 37. g4 fxg4 38. fxg4 Bxc6 39. Ba6 Kb6 40. Bd3
Kc5 41. Be2 Bd5 42. Bd3 Bc4 43. Bc2 Be6 44. Bd1 Bd5 45. Be2 Bh1 46. Bd3 Kd5 47.
Ba6 e4 48. Bc8 Kc4 49. Be6+ Kc3 50. Bd5 Kb2 51. a4 Ka3 52. Bc6 Bf3 53. Bd7 Bd1
54. Kxe4 Bxa4 55. Bc8 Bc2+ 56. Ke5 Kb4 57. Bd7 Kc5 58. Kf6 Kd6 59. Bb5 a4 60.
Kg7 Ke5 61. Kxh6 Kf4 62. Kh5 a3 63. Bc4 Bb1 64. h4 1/2-1/2

[Event "Collado Villalba 2015 Torneo B"]
[Site "Collado Villalba (ESP)"]
[Date "2015.08.28"]
[Round "7.6"]
[White "Calvo De Castro, Miguel"]
[Black "Tarrio Ocana, Jose Manuel"]
[Result "1/2-1/2"]
[WhiteElo "1725"]
[BlackElo "1852"]
[PlyCount "107"]
[EventDate "2015.08.22"]
[EventType "swiss"]
[EventRounds "9"]
[EventCountry "ESP"]
[Source "lmi"]
[SourceDate "2015.08.22"]

1. e4 e6 2. d4 d5 3. Nc3 Nf6 4. Bd3 c5 5. dxc5 dxe4 6. Bb5+ Bd7 7. b4 a5 8. Ba3
axb4 9. Bxb4 Nc6 10. a3 g6 11. Rb1 Bg7 12. Qd6 Qb8 13. Nge2 Qxd6 14. cxd6 Nxb4
15. axb4 Rc8 16. O-O O-O 17. Rfd1 Rfd8 18. Bxd7 Rxd7 19. Na4 Rcd8 20. Nc5 Rxd6
21. Rxd6 Rxd6 22. Nxb7 Rd2 23. Nc3 Rxc2 24. Na4 Nd5 25. g3 Bd4 26. Nd6 Bxf2+
27. Kh1 f5 28. b5 Nb6 29. Rb2 Rc1+ 30. Kg2 Bd4 31. Rb4 e3 32. Kf3 Rf1+ 33. Ke2
Rf2+ 34. Ke1 e5 35. Nxb6 Bxb6 36. Nc4 Bd4 37. Rb3 Rc2 38. Nxe3 Bxe3 39. Rxe3
Rb2 40. Rxe5 Kf7 41. Kd1 Kf6 42. Rc5 g5 43. Kc1 Rb4 44. Kc2 f4 45. gxf4 gxf4
46. Kc3 Rb1 47. Kd4 Rb4+ 48. Kd3 h6 49. Ke2 Rb3 50. h4 Kg6 51. Kf2 Kf6 52. Rc6+
Kf5 53. Rxh6 Kg4 54. Rg6+ 1/2-1/2

[Event "Collado Villalba 2015 Torneo B"]
[Site "Collado Villalba (ESP)"]
[Date "2015.08.28"]
[Round "7.7"]
[White "Aragon Gutierrez, Alejandro"]
[Black "Rico Ropero, Oscar"]
[Result "0-1"]
[WhiteElo "1806"]
[BlackElo "1457"]
[PlyCount "98"]
[EventDate "2015.08.22"]
[EventType "swiss"]
[EventRounds "9"]
[EventCountry "ESP"]
[Source "lmi"]
[SourceDate "2015.08.22"]

1. d4 f5 2. e4 d6 3. Nc3 Nf6 4. Bd3 fxe4 5. Nxe4 Nbd7 6. Qf3 e5 7. Be3 Be7 8.
Ng5 Nb6 9. h3 O-O 10. Qe2 Re8 11. dxe5 dxe5 12. O-O-O Bd6 13. g4 Qe7 14. Ne4
Be6 15. Kb1 c5 16. Nxd6 Red8 17. Nf5 Qd7 18. c3 Qa4 19. Kc1 Qxa2 20. Bb1 Qa4
21. Nf3 Nbd7 22. Bg5 b5 23. Rd6 Bc4 24. Qd2 Qa5 25. Rd1 Bb3 26. Re1 Kf7 27.
Nxe5+ Nxe5 28. Rxe5 b4 29. cxb4 Qxb4 30. Qxb4 cxb4 31. Re7+ Kf8 32. Rxd8+ Rxd8
33. Bc2 Rc8 34. Re2 Ba2 35. Kd1 b3 36. Be4 a5 37. Bxf6 gxf6 38. Ne3 a4 39. Ke1
Rb8 40. Nd1 Rc8 41. Bxh7 Rc1 42. Rd2 Bb1 43. Bxb1 Rxb1 44. Ke2 Rc1 45. Nc3 Rxc3
46. bxc3 a3 47. Kd1 a2 48. Rd8+ Ke7 49. Ra8 b2 0-1

[Event "Collado Villalba 2015 Torneo B"]
[Site "Collado Villalba (ESP)"]
[Date "2015.08.28"]
[Round "7.8"]
[White "Borovyev, Svytoslav"]
[Black "Alvarez Gonzalez, Eduardo"]
[Result "1/2-1/2"]
[WhiteElo "1740"]
[BlackElo "1805"]
[PlyCount "114"]
[EventDate "2015.08.22"]
[EventType "swiss"]
[EventRounds "9"]
[EventCountry "ESP"]
[Source "lmi"]
[SourceDate "2015.08.22"]

1. e4 c6 2. d4 d5 3. exd5 cxd5 4. Bd3 Nc6 5. c3 Nf6 6. h3 e5 7. dxe5 Nxe5 8.
Qe2 Qe7 9. Bb5+ Nc6 10. Qxe7+ Bxe7 11. Nf3 a6 12. Bd3 O-O 13. Nbd2 Bd6 14. O-O
Re8 15. Nb3 h6 16. Be3 Ne5 17. Nxe5 Bxe5 18. Nd4 Ne4 19. Rfe1 Bxd4 20. Bxd4 Bd7
21. Bc2 Nd6 22. Rad1 Be6 23. Bc5 Red8 24. Bxd6 Rxd6 25. Rd4 Rad8 26. Red1 R6d7
27. g4 g5 28. Kg2 Kg7 29. Kg3 Rc8 30. Bb3 Rc5 31. a3 b5 32. Ba2 f6 33. R1d3 Kg6
34. Bb1 Kf7 35. Rd1 Rc4 36. f4 Rxd4 37. Rxd4 Ke7 38. a4 Kd6 39. axb5 axb5 40.
Bd3 Kc5 41. Bb1 Re7 42. f5 Bf7 43. Kf3 h5 44. Kf2 Be8 45. Ba2 Re5 46. b3 Bf7
47. Bb1 Re8 48. Ba2 h4 49. Rb4 Ra8 50. Bb1 Ra1 51. Bd3 Be8 52. Rd4 Rc1 53. b4+
Kd6 54. Be4 Bc6 55. Rd3 Rc2+ 56. Kf1 Rc1+ 57. Kf2 Rc2+ 1/2-1/2

[Event "Collado Villalba 2015 Torneo B"]
[Site "Collado Villalba (ESP)"]
[Date "2015.08.28"]
[Round "7.9"]
[White "Andrade Sandoval, Jim Carlos"]
[Black "Andrade Sandoval, Bianca"]
[Result "0-1"]
[WhiteElo "1824"]
[BlackElo "1705"]
[PlyCount "100"]
[EventDate "2015.08.22"]
[EventType "swiss"]
[EventRounds "9"]
[EventCountry "ESP"]
[Source "lmi"]
[SourceDate "2015.08.22"]

1. b3 d5 2. Bb2 e6 3. Nf3 Nf6 4. d3 Nbd7 5. Nbd2 c6 6. e4 dxe4 7. dxe4 Qc7 8.
e5 Ng4 9. Nc4 b5 10. Nd6+ Bxd6 11. exd6 Qb6 12. Qd4 Qxd4 13. Nxd4 Bb7 14. a4 a6
15. axb5 cxb5 16. h3 Ngf6 17. Bd3 Bxg2 18. Rg1 Bb7 19. Rxg7 e5 20. Nf5 Rg8 21.
O-O-O Rxg7 22. Nxg7+ Kf8 23. Rg1 Be4 24. Bxe4 Nxe4 25. Nf5 Nxf2 26. Ne7 Nf6 27.
Bxe5 N2e4 28. Nf5 Re8 29. d7 Rd8 30. Nd6 Rxd7 31. Nxe4 Nxe4 32. Bg7+ Ke8 33.
Rg4 Nf2 34. Rh4 Rd1+ 35. Kb2 Rh1 36. Bd4 Nxh3 37. Rxh7 Nf2 38. Rxh1 Nxh1 39.
Kc3 Ng3 40. Be5 Ne4+ 41. Kd4 f5 42. Ke3 Ke7 43. Kf4 Ke6 44. c4 Nc5 45. cxb5
axb5 46. Bd4 Nd3+ 47. Kg3 Nb4 48. Bb6 Kd5 49. Kf4 Ke6 50. Be3 Nd5+ 0-1

[Event "Collado Villalba 2015 Torneo B"]
[Site "Collado Villalba (ESP)"]
[Date "2015.08.28"]
[Round "7.10"]
[White "Medrano Del Val, Julio"]
[Black "Martinez Pintor, Juan"]
[Result "1-0"]
[WhiteElo "1825"]
[BlackElo "1684"]
[PlyCount "83"]
[EventDate "2015.08.22"]
[EventType "swiss"]
[EventRounds "9"]
[EventCountry "ESP"]
[Source "lmi"]
[SourceDate "2015.08.22"]

1. d4 d5 2. c4 c6 3. Nc3 Nf6 4. Nf3 e6 5. cxd5 cxd5 6. e3 a6 7. Bd3 b5 8. O-O
Bb7 9. Ne5 Bd6 10. f4 Nc6 11. b3 Rc8 12. Bd2 Ba3 13. Rb1 Nb4 14. Be2 Ne4 15.
Nxe4 dxe4 16. f5 Bd5 17. Bxb4 Bxb4 18. Rc1 exf5 19. Rxf5 Be6 20. Rf4 g5 21. Rf1
O-O 22. a4 Rxc1 23. Qxc1 Bxb3 24. axb5 axb5 25. Qb2 Qd5 26. Rb1 f6 27. Qxb3
Qxb3 28. Rxb3 Bd2 29. Ng4 b4 30. g3 h5 31. Nh6+ Kh7 32. Nf5 Kg6 33. Nd6 f5 34.
Nc4 Bc3 35. Ne5+ Kh6 36. Nc6 Bd2 37. Kf2 Ra8 38. Ne5 Ra1 39. d5 Be1+ 40. Kg2
Ra2 41. Nc6 Ra8 42. d6 1-0

[Event "Collado Villalba 2015 Torneo B"]
[Site "Collado Villalba (ESP)"]
[Date "2015.08.28"]
[Round "7.11"]
[White "Rodriguez Del Moral, Angel"]
[Black "Reyes Penas, Sebastian"]
[Result "1-0"]
[WhiteElo "1797"]
[BlackElo "1675"]
[PlyCount "137"]
[EventDate "2015.08.22"]
[EventType "swiss"]
[EventRounds "9"]
[EventCountry "ESP"]
[Source "lmi"]
[SourceDate "2015.08.22"]

1. b3 d5 2. Bb2 Nf6 3. e3 g6 4. Nf3 Bg7 5. c4 O-O 6. cxd5 Nxd5 7. d4 c5 8. Bc4
Nc6 9. Bxd5 Qxd5 10. Nc3 Qd8 11. d5 Nb4 12. e4 Qa5 13. Qd2 Rd8 14. O-O Nc6 15.
Na4 Qxd2 16. Nxd2 Nd4 17. Rab1 b6 18. Nc3 Ba6 19. Rfe1 Bd3 20. Rbd1 Nc2 21. Nc4
Nxe1 22. Rxe1 b5 23. Na5 c4 24. Nc6 Rd7 25. e5 b4 26. Nxb4 Rb7 27. Nc6 cxb3 28.
a4 Kf8 29. f4 Ke8 30. Re3 Bc2 31. Nb5 a6 32. Nc3 Rc8 33. Kf2 e6 34. Na5 Rbc7
35. Kf3 exd5 36. Nxd5 Bd1+ 37. Kg3 Rc2 38. Nf6+ Kf8 39. Ba3+ R2c5 40. Nxb3 Bxb3
41. Rxb3 Bxf6 42. exf6 Ke8 43. Re3+ Kd8 44. Bxc5 Rxc5 45. Re7 Rc7 46. Rxc7 Kxc7
47. Kg4 h6 48. f5 Kd6 49. Kf4 g5+ 50. Ke4 a5 51. g4 Kc5 52. Ke5 Kb4 53. Kd6
Kxa4 54. Ke7 Kb3 55. Kxf7 a4 56. Ke7 a3 57. f7 a2 58. f8=Q a1=Q 59. Qb8+ Kc4
60. Qc7+ Kd3 61. Qd6+ Ke2 62. f6 Qa7+ 63. Ke6 Qa2+ 64. Qd5 Qa6+ 65. Kf5 Kf2 66.
f7 Qc8+ 67. Qe6 Qc2+ 68. Kf6 Qc3+ 69. Kg6 1-0

[Event "Collado Villalba 2015 Torneo B"]
[Site "Collado Villalba (ESP)"]
[Date "2015.08.28"]
[Round "7.12"]
[White "Elguezabal Selioutin, Dario"]
[Black "Barranco Martinez, Gabriel"]
[Result "1-0"]
[WhiteElo "1610"]
[BlackElo "1784"]
[PlyCount "107"]
[EventDate "2015.08.22"]
[EventType "swiss"]
[EventRounds "9"]
[EventCountry "ESP"]
[Source "lmi"]
[SourceDate "2015.08.22"]

1. d4 Nf6 2. Nf3 d6 3. Bf4 g6 4. e3 Bg7 5. Be2 O-O 6. h3 Nbd7 7. O-O c5 8. c3
Nb6 9. Nbd2 Bd7 10. a4 a6 11. a5 Nbd5 12. Bg3 Bc6 13. dxc5 dxc5 14. Ne5 Rc8 15.
e4 Nc7 16. Nxc6 bxc6 17. Qc2 Nb5 18. Nb3 Nd7 19. Rfd1 Qe8 20. Bg4 e6 21. Rd2 f5
22. exf5 exf5 23. Bf3 f4 24. Re2 Qf7 25. Bh2 c4 26. Nd2 Ne5 27. Re4 g5 28. Be2
Qg6 29. Bxc4+ Nxc4 30. Nxc4 Rcd8 31. Rae1 Nd6 32. Qb3 Kh8 33. Re6 Qf7 34. Ne5
Qf5 35. Nxc6 Rde8 36. Rxe8 Rxe8 37. Rxe8+ Nxe8 38. Qd1 Qb5 39. Qd7 Nf6 40. Qc8+
Ng8 41. Ne7 Qb3 42. Qxg8+ Qxg8 43. Nxg8 Kxg8 44. g3 Be5 45. gxf4 gxf4 46. Kg2
Kf7 47. Kf3 Bc7 48. b4 Be5 49. c4 Bc3 50. b5 axb5 51. a6 Bd4 52. cxb5 Ke6 53.
Bxf4 Kd5 54. Be3 1-0

[Event "Collado Villalba 2015 Torneo B"]
[Site "Collado Villalba (ESP)"]
[Date "2015.08.28"]
[Round "7.13"]
[White "Criado Riesgo, Manuel"]
[Black "Fernandez Rios, Jose Francisco"]
[Result "1-0"]
[WhiteElo "1535"]
[BlackElo "1782"]
[PlyCount "91"]
[EventDate "2015.08.22"]
[EventType "swiss"]
[EventRounds "9"]
[EventCountry "ESP"]
[Source "lmi"]
[SourceDate "2015.08.22"]

1. d4 Nf6 2. c4 e6 3. Nc3 Bb4 4. Bd2 Nc6 5. a3 Bxc3 6. Bxc3 Ne4 7. Qc2 Nxc3 8.
bxc3 d6 9. e4 e5 10. d5 Nb8 11. Bd3 Nd7 12. Ne2 Nc5 13. O-O Qg5 14. f4 exf4 15.
Nxf4 h5 16. Qf2 Qe5 17. Rac1 Bd7 18. Bc2 O-O-O 19. Nd3 Qe7 20. Nxc5 dxc5 21.
Qxf7 Qe5 22. Qf3 Bg4 23. Qe3 Rhf8 24. Rxf8 Rxf8 25. h3 Bd7 26. Rf1 Rxf1+ 27.
Kxf1 b6 28. Qf3 Kb7 29. Kf2 Qg5 30. Qe3 Qf6+ 31. Qf3 Qg5 32. Qe3 Qf6+ 33. Ke1
Qe5 34. Kd2 g5 35. Bd1 g4 36. hxg4 Bxg4 37. Bxg4 hxg4 38. g3 Qh5 39. e5 Qh2+
40. Kd3 Qb2 41. e6 Qb1+ 42. Ke2 Qc2+ 43. Kf1 Qd1+ 44. Kf2 Qc2+ 45. Qe2 Qf5+ 46.
Kg2 1-0

[Event "Collado Villalba 2015 Torneo B"]
[Site "Collado Villalba (ESP)"]
[Date "2015.08.28"]
[Round "7.15"]
[White "Lancharro Delgado, Cristina"]
[Black "Rodriguez Bachiller, Luis"]
[Result "1-0"]
[WhiteElo "1461"]
[BlackElo "1685"]
[PlyCount "51"]
[EventDate "2015.08.22"]
[EventType "swiss"]
[EventRounds "9"]
[EventCountry "ESP"]
[Source "lmi"]
[SourceDate "2015.08.22"]

1. e4 c6 2. d4 d5 3. Nc3 dxe4 4. Nxe4 Bf5 5. Ng3 Bg6 6. h4 h6 7. h5 Bh7 8. Nf3
Nd7 9. Bd3 Ngf6 10. Bxh7 Nxh7 11. Qd3 e6 12. Bf4 Nhf6 13. O-O-O Nd5 14. Bd2 Bd6
15. Ne4 Bf4 16. g3 Bxd2+ 17. Rxd2 Qc7 18. Qa3 c5 19. dxc5 Qc6 20. Nd6+ Ke7 21.
Nxb7 Rab8 22. Na5 Qa8 23. c6+ Nb4 24. Rxd7+ Ke8 25. Ne5 Nxc6 26. Naxc6 1-0

[Event "Collado Villalba 2015 Torneo B"]
[Site "Collado Villalba (ESP)"]
[Date "2015.08.28"]
[Round "7.16"]
[White "Pascual Gomez, Jesus"]
[Black "Tronch Ilzarbe, Carlos Maria"]
[Result "0-1"]
[WhiteElo "1714"]
[BlackElo "1761"]
[PlyCount "74"]
[EventDate "2015.08.22"]
[EventType "swiss"]
[EventRounds "9"]
[EventCountry "ESP"]
[Source "lmi"]
[SourceDate "2015.08.22"]

1. e4 c5 2. Nf3 e6 3. d4 cxd4 4. Nxd4 Nc6 5. Nc3 Qc7 6. Bc4 Nf6 7. O-O a6 8.
Nf3 Bb4 9. Bd3 b5 10. Bd2 Bc5 11. h3 d6 12. a4 b4 13. Ne2 O-O 14. c3 Qb6 15.
Qc2 g6 16. Bg5 Nd7 17. c4 Bb7 18. b3 Nce5 19. Nxe5 Nxe5 20. Bh6 Rfe8 21. Qb2 f6
22. Rad1 g5 23. g3 Kf7 24. h4 Nxd3 25. Rxd3 Rg8 26. Rf3 e5 27. hxg5 Rg6 28. Qc2
Rag8 29. g4 Rxh6 30. gxh6 Rxg4+ 31. Rg3 Bxe4 32. Qd2 Rh4 33. Rg7+ Ke6 34. Ng3
Bf3 35. Rxh7 f5 36. Qg5 d5 37. Qe7+ Bxe7 0-1

[Event "Collado Villalba 2015 Torneo B"]
[Site "Collado Villalba (ESP)"]
[Date "2015.08.28"]
[Round "7.17"]
[White "De Dompablo Fantova, Juan"]
[Black "Garcia Lopez, Fernando"]
[Result "0-1"]
[WhiteElo "1712"]
[BlackElo "1646"]
[PlyCount "88"]
[EventDate "2015.08.22"]
[EventType "swiss"]
[EventRounds "9"]
[EventCountry "ESP"]
[Source "lmi"]
[SourceDate "2015.08.22"]

1. e4 e5 2. Nf3 Nc6 3. Bc4 Nf6 4. d3 Be7 5. O-O O-O 6. Re1 d6 7. c3 Na5 8. Nbd2
Nxc4 9. Nxc4 Be6 10. Ne3 c5 11. a4 b6 12. Bd2 Qb8 13. c4 Qb7 14. h3 a6 15. Nd5
Nxd5 16. cxd5 Bd7 17. b4 cxb4 18. Bxb4 a5 19. Bd2 f5 20. Qb3 f4 21. Nxe5 Bd8
22. Nf3 g5 23. Nd4 g4 24. hxg4 Bxg4 25. f3 Bh3 26. Re2 Qg7 27. Ne6 Bxe6 28.
dxe6 Qxa1+ 29. Re1 Qd4+ 30. Kf1 Be7 31. Qb5 Qc5 32. Qb3 Bh4 33. e7+ Rf7 34. Re2
Bxe7 35. Bxf4 Qh5 36. Rd2 Qh1+ 37. Ke2 Qxg2+ 38. Ke3 Qg1+ 39. Ke2 Raf8 40. Rc2
Kh8 41. Be3 Qg7 42. Rc1 Qg2+ 43. Bf2 Qxf3+ 44. Kd2 Qxf2+ 0-1

[Event "Collado Villalba 2015 Torneo B"]
[Site "Collado Villalba (ESP)"]
[Date "2015.08.28"]
[Round "7.18"]
[White "Garcia Castineira, Ivan"]
[Black "Suarez Prieto, Leopoldo"]
[Result "1-0"]
[WhiteElo "1688"]
[BlackElo "1646"]
[PlyCount "37"]
[EventDate "2015.08.22"]
[EventType "swiss"]
[EventRounds "9"]
[EventCountry "ESP"]
[Source "lmi"]
[SourceDate "2015.08.22"]

1. d4 Nf6 2. c4 g6 3. Nc3 c6 4. e4 d6 5. Nf3 Bg4 6. Be2 Bxf3 7. Bxf3 Qc7 8. O-O
Nbd7 9. Be3 h5 10. Rc1 Bh6 11. Bxh6 Rxh6 12. Re1 O-O-O 13. Qa4 Qb8 14. Nd5 Nxd5
15. cxd5 Nb6 16. Qb5 Rd7 17. dxc6 Rc7 18. cxb7+ Kxb7 19. e5+ 1-0

[Event "Collado Villalba 2015 Torneo B"]
[Site "Collado Villalba (ESP)"]
[Date "2015.08.28"]
[Round "7.19"]
[White "Guillo Longares, Cecilia"]
[Black "Benito Alba, Eladio"]
[Result "1-0"]
[WhiteElo "1674"]
[BlackElo "1598"]
[PlyCount "51"]
[EventDate "2015.08.22"]
[EventType "swiss"]
[EventRounds "9"]
[EventCountry "ESP"]
[Source "lmi"]
[SourceDate "2015.08.22"]

1. d4 d5 2. c4 c6 3. Nc3 Nf6 4. Nf3 Bf5 5. Bg5 e6 6. e3 Be7 7. cxd5 exd5 8. Bd3
Bxd3 9. Qxd3 O-O 10. O-O Nbd7 11. a3 h6 12. Bh4 Re8 13. b4 Ne4 14. Nxe4 dxe4
15. Qxe4 Nf6 16. Qc2 a5 17. Qb3 Nd5 18. Bxe7 Qxe7 19. b5 a4 20. Qc4 Nb6 21. Qd3
Nd5 22. bxc6 bxc6 23. Rfc1 Rec8 24. Qc4 Qd6 25. Ne5 f6 26. Nxc6 1-0

[Event "Collado Villalba 2015 Torneo B"]
[Site "Collado Villalba (ESP)"]
[Date "2015.08.28"]
[Round "7.20"]
[White "Rodriguez Gomez, Jose"]
[Black "Salgado Duarte, Pablo"]
[Result "1-0"]
[WhiteElo "1650"]
[BlackElo "1533"]
[PlyCount "103"]
[EventDate "2015.08.22"]
[EventType "swiss"]
[EventRounds "9"]
[EventCountry "ESP"]
[Source "lmi"]
[SourceDate "2015.08.22"]

1. e4 e5 2. Nf3 Nc6 3. Bb5 d6 4. c3 Bd7 5. Bc4 Be7 6. d4 Nf6 7. Nbd2 O-O 8. O-O
exd4 9. cxd4 Bg4 10. Re1 Nxd4 11. h3 Bxf3 12. Nxf3 Nxf3+ 13. Qxf3 c6 14. b3 Nd7
15. Bb2 Bf6 16. Bc3 Bxc3 17. Qxc3 Ne5 18. Bf1 Re8 19. Rad1 Re6 20. Re3 Qe7 21.
Qc2 Nd7 22. b4 Nb6 23. Bd3 Kh8 24. a3 d5 25. Rde1 Rd8 26. Qe2 d4 27. Rf3 Nd7
28. Bc4 Rf6 29. Rxf6 Nxf6 30. Bd3 g6 31. e5 Nh5 32. Qe4 Ng7 33. Rc1 Ne6 34. h4
Ng7 35. g3 Ne6 36. f4 Ng7 37. Kg2 Qd7 38. Qf3 Nf5 39. Rh1 Ne3+ 40. Kf2 Qe6 41.
h5 Ng4+ 42. Kg1 Kg7 43. hxg6 fxg6 44. f5 Qb3 45. f6+ Kf8 46. Rxh7 Nxe5 47. Qe4
Qd1+ 48. Kg2 Qxd3 49. Qxe5 Qc2+ 50. Kh3 Qf5+ 51. Qxf5 gxf5 52. Rh8+ 1-0

[Event "Collado Villalba 2015 Torneo B"]
[Site "Collado Villalba (ESP)"]
[Date "2015.08.28"]
[Round "7.21"]
[White "Jimenez Jimenez, Darfo"]
[Black "Martinez Martinez, Antonio"]
[Result "1-0"]
[WhiteElo "1686"]
[BlackElo "1580"]
[PlyCount "117"]
[EventDate "2015.08.22"]
[EventType "swiss"]
[EventRounds "9"]
[EventCountry "ESP"]
[Source "lmi"]
[SourceDate "2015.08.22"]

1. e4 g6 2. d4 d6 3. Nc3 c6 4. Be3 Bg7 5. h4 h5 6. Bd3 Bg4 7. f3 Bd7 8. g4 hxg4
9. fxg4 e5 10. d5 Rxh4 11. Rxh4 Qxh4+ 12. Bf2 Qxg4 13. Be2 Qg5 14. Qd3 c5 15.
Nf3 Qd8 16. O-O-O a6 17. Rh1 f5 18. exf5 Bxf5 19. Ne4 Nf6 20. Nfg5 Qe7 21.
Nxf6+ Bxf6 22. Ne4 Nd7 23. Bf3 O-O-O 24. Qb3 Bxe4 25. Bxe4 g5 26. Rh7 Qf8 27.
Bf5 Bg7 28. Qh3 Kc7 29. Be3 Nf6 30. Bxg5 Nxh7 31. Bxd8+ Kxd8 32. Qxh7 Qh8 33.
c4 Qxh7 34. Bxh7 a5 35. Kc2 Ke7 36. b3 Kf6 37. Kd3 Kg5 38. Ke4 Kg4 39. Bf5+ Kg3
40. Bg6 Kf2 41. Bh5 Ke1 42. Kf5 Kd2 43. Ke6 Bf8 44. Kf7 Bh6 45. Ke7 e4 46. Kxd6
Bf4+ 47. Kxc5 Kc3 48. d6 Kb2 49. Kb5 Kxa2 50. Kxa5 Kxb3 51. c5 Kc4 52. Kb6 Kd5
53. Bf7+ Ke5 54. Kxb7 e3 55. d7 Bg5 56. Bh5 Ke6 57. c6 Bd8 58. c7 Kxd7 59.
c8=Q+ 1-0